000 01191cam a2200301 a 4500
999 _c128572
_d128572
001 12858968
003 ARRUPE
005 20181115091645.0
008 020717s2002 mnuc b 001 0 eng d
010 _a 2002284695
020 _a0800634691 (pbk.)
035 _a(OCoLC)ocm49479706
040 _aLNT
_cLNT
_dDLC
042 _alccopycat
050 0 0 _aBS2397
_b.J465 2002
082 0 0 _a225.6
_221
100 1 _aJeremias, Joachim,
_d1900-
_91491
245 1 0 _aJesus and the message of the New Testament /
_cJoachim Jeremias ; edited by K.C. Hanson.
260 _aMinneapolis, MN :
_bFortress Press,
_cc2002.
300 _axiii, 126 p. :
_b1 port. ;
_c23 cm.
440 0 _aFortress classics in biblical studies
_914848
500 _aThe chapters of this book have been previously published.
504 _aIncludes bibliographical references (p. 111-116) and indexes.
600 0 0 _aJesus Christ
_xPerson and offices.
_943461
630 0 0 _aBible.
_pNew Testament
_xTheology.
_97188
700 1 _aHanson, K.C.
_q(Kenneth C.)
_914850
906 _a7
_bcbc
_ccopycat
_d2
_encip
_f20
_gy-gencatlg
942 _2lcc
_cMONOGRAPH